Quiz o Łomży - Statystyki

Ogólne statystyki
  • Ten quiz został rozwiązany 81 razy
  • Średni wynik to 12 z 17
Statystyki odpowiedzi
Podpowiedź Odpowiedź % Poprawnych
Województwo, w którym się znajduję Podlaskie
100%
Tablica Rejestracyjna (Powiat Grodzki i Ziemski) BL
89%
Z tym Łomża jest zwykle kojarzona Piwo
87%
Rzeka przepływająca przez miasto Narew
85%
BLM
84%
Leży na terenie tego powiatu Łomża
82%
Region historyczny, na którym leży Łomża Mazowsze
82%
Łomża w latach 1975-1998 była stolicą województwa: Łomżyńskiego
80%
Klub piłkarski założony w 1926r. ŁKS Łomża
78%
Zwierzę, które widnieje na herbie miasta Jeleń
71%
Wiek, w którym Łomża otrzymała prawa miejskie XV
71%
Obecny prezydent miasta Mariusz Chrzanowski
65%
Podczas kampanii wrześniowej Łomża była pod okupacją Niemiec
58%
Związku Radzieckiego
49%
Populacja Łomży w 2024r. wynosi około 59 Tysięcy
38%
Gmina Łomży Piątnica
24%
Najsłynniejsza ulica w Łomży Dworna
18%
Nie znaleziono quizów pasujących do podanych kryteriów
Rozkład punktacji
Procent ludzi z każdym wynikiem
Percentyl według liczby udzielonych odpowiedzi
Twoja historia wyników
Nie rozwiązałeś tego quizu